00541pab a2200157 454500008004000000100002600040245010000066260000900166300001500175362001200190650003700202650004300239650002300282700001800305773006000323180718b2015 xxu||||| |||| 00| 0 eng d aSudan, Falendra Kumar aImpact of agrarian crisis on rural communities in North East India: evidence and lessons learnt c2015 ap.115-136. aJan-Dec aCommunities - India, North East  aAgrarian structure - India, North East aAgrarian structure aSingh, Ishita aIASSI Quarterly: Contribution to Indian Social Science